000 00710nam a2200205 i 4500
001 34783
003 ES-MaACL
005 20230906155010.0
007 t|
008 030211s1909 fr ||||1| fre d
100 1 _aBonnal, A.
_930219
245 1 0 _aExploitation commerciale des chemins de fer
_b: interet general : interet local : tramvays /
_cA. Bonnal.
260 _a[S.l. :
_bs.n.,
_c1909] (
_eTours :
_fDeslis Frères)
300 _aVIII, 1094 p. ;
_c19 cm.
490 1 _aBibliothèque du conducteur de travaux publics
650 4 _aFerrocarriles-
_zCastilla-La Mancha.
_9158115
830 0 _aBibliothèque du conducteur de travaux publics
_9180955
852 _aES-MaACL
_jF-2084
999 _c34783
_d34783